1952 US Presidential Election Map Click Quiz - Statistics

General Stats
  • This quiz has been taken 6 times
  • The average score is 41 of 48
Answer Stats
Hint Answer % Correct
Arizona Dwight D. Eisenhower
100%
California Dwight D. Eisenhower
100%
Colorado Dwight D. Eisenhower
100%
Connecticut Dwight D. Eisenhower
100%
Delaware Dwight D. Eisenhower
100%
Illinois Dwight D. Eisenhower
100%
Kansas Dwight D. Eisenhower
100%
Maine Dwight D. Eisenhower
100%
Maryland Dwight D. Eisenhower
100%
Massachusetts Dwight D. Eisenhower
100%
Michigan Dwight D. Eisenhower
100%
Minnesota Dwight D. Eisenhower
100%
Montana Dwight D. Eisenhower
100%
Nebraska Dwight D. Eisenhower
100%
Nevada Dwight D. Eisenhower
100%
New Hampshire Dwight D. Eisenhower
100%
New Jersey Dwight D. Eisenhower
100%
New Mexico Dwight D. Eisenhower
100%
New York Dwight D. Eisenhower
100%
Ohio Dwight D. Eisenhower
100%
Oregon Dwight D. Eisenhower
100%
Pennsylvania Dwight D. Eisenhower
100%
Rhode Island Dwight D. Eisenhower
100%
Tennessee Dwight D. Eisenhower
100%
Virginia Dwight D. Eisenhower
100%
Washington Dwight D. Eisenhower
100%
Wisconsin Dwight D. Eisenhower
100%
Florida Dwight D. Eisenhower
83%
Idaho Dwight D. Eisenhower
83%
Indiana Dwight D. Eisenhower
83%
Iowa Dwight D. Eisenhower
83%
Missouri Dwight D. Eisenhower
83%
North Dakota Dwight D. Eisenhower
83%
South Dakota Dwight D. Eisenhower
83%
Utah Dwight D. Eisenhower
83%
Vermont Dwight D. Eisenhower
83%
Wyoming Dwight D. Eisenhower
83%
Alabama Adlai Stevenson II
67%
Arkansas Adlai Stevenson II
67%
Louisiana Adlai Stevenson II
67%
South Carolina Adlai Stevenson II
67%
Oklahoma Dwight D. Eisenhower
67%
Texas Dwight D. Eisenhower
67%
Georgia Adlai Stevenson II
50%
Mississippi Adlai Stevenson II
50%
North Carolina Adlai Stevenson II
33%
West Virginia Adlai Stevenson II
33%
Kentucky Adlai Stevenson II
17%
No matching quizzes found
Score Distribution
Percent of People with Each Score
Percentile by Number Answered
Your Score History
You have not taken this quiz